000 01063nam0a22003011 4500
001 rc\660614
005 20250621202330.0
035 _a(NLR Aleph) 005899763
090 _a6264406
_c6264406
100 _a20031121d1986 |||y0rusy50 ca
101 0 _arus
102 _aRU
105 _aa |||||||||
200 1 _aМоделирование демографического развития региона
_e(На прим. США)
_fН.В. Высоцкая, В.А. Гречуха, С.Я. Щербов
210 _aМ.
_cВИНИТИ
_d1986
215 _a49 с.
_cил.
_d21
225 1 _aПрепринт
_fВНИИ систем. исслед.
300 _aРез. на англ. яз.
320 _aБиблиогр.: с. 48
700 1 _aВысоцкая
_bН.В.
701 1 _aГречуха
_bВ.А.
701 1 _7ca
_8rus
_aЩербов
_bС. Я.
_f1952-
_gСергей Яковлевич
_9252171
_3RU\NLR\AUTH\770252227
801 0 _aRU
_bNLR
_gpsbo
801 1 _aRU
_bELAR
_2rusmarc
852 _aNLR
_j87-6/4790
942 _cBOOK
980 _aNB